Sudden Death - Doctor Who Companions - Statistics

General Stats
  • This quiz has been taken 78 times
  • The average score is 11 of 15
Answers on the Grid
Answers color-coded by a green-red scale on the quiz's grid according to % correct below.
Ace
Adric
Alice
Bill
Brigadier Alistair Gordon Lethbridge-Stewart
Corporal Richard Black
Dave
Dodo
Feykompanyon
Fyuklikthsyuwlose
Goril
Harry
Jack
K9
King
Mary
Nyssa
Perpugilliam
Queen
River Song
Robo-Cat
Romanadvoratrelundar
Ruth
Sergeant John Benton
Susan
Ten
Trent
Unabadarsa
Vicki
Yarra
 
Answer Stats
Answer % Correct
Ace
95%
K9
91%
Adric
87%
Brigadier Alistair Gordon Lethbridge-Stewart
87%
River Song
87%
Bill
76%
Susan
76%
Jack
73%
Nyssa
71%
Harry
65%
Vicki
64%
Romanadvoratrelundar
58%
Sergeant John Benton
58%
Dodo
56%
Perpugilliam
44%
No matching quizzes found
Score Distribution
Percent of People with Each Score
Percentile by Number Answered
Your Score History
You have not taken this quiz